| 000 | 01016cam a22002411 4500 | ||
|---|---|---|---|
| 001 | e 40000003 | ||
| 003 | DLC | ||
| 005 | 20260227111228.0 | ||
| 008 | 880205s1939 idua t 000 0 eng c | ||
| 010 | _ae 40000003 | ||
| 035 | _a(OCoLC)17435616 | ||
| 040 |
_aU.S. Off. of Educ. Library _cWaU _dWaU _dDLC |
||
| 042 | _apremarc | ||
| 050 | 0 | 0 |
_aLB2864 _b.I25 1939 |
| 082 | _a379.175209796 | ||
| 110 | 1 |
_aIdaho. _bState Board of Education. |
|
| 245 | 1 | 2 |
_aA study of school transportation in the state of Idaho, 1937-38 and 1938-39. _cSponsored by the State Department of Education. A Work Progress Administration Official Project #665-92-3-7. Work Progress Administration, O.K. Hine, state administrator ... State Department of Education, J.W. Condie, state superintendent ... |
| 260 |
_a[Boise? _c1939] |
||
| 300 |
_a2 p. l., 46 numb. l. incl. tables. _c22 x 28 cm. |
||
| 500 | _aMimeographed. | ||
| 650 | 0 |
_aSchool children _xTransportation. |
|
| 710 | 1 |
_aUnited States. _bWork Projects Administration. _bIdaho. |
|
| 999 |
_c21678 _d21678 |
||